000 00559nam a2200217Ia 4500
003 OSt
005 20230425093506.0
008 210423s2000 xx 000 0 und d
020 _a71673779461
040 _cAL
041 _aeng
082 _a574.87322 GRIA
100 _aGRIFFITHS (Anthony J F);others.
_992255
245 _aIntroduction to genetic analysis.
260 _aNew York
_bW H Freeman & Co.
_c2000
300 _axvii,860
_bHB
365 _b2543
_cINR
650 _aCell Biology
_992256
906 _aanalysis. ; genetic
942 _2ddc
_cBK
999 _c162583
_d162583